Skyrim Skills Quiz - Statistics

General Stats
  • This quiz has been taken 1,880 times
  • The average score is 16 of 18
Answer Stats
Answer % Correct
One-handed
98%
Two-handed
98%
Destruction
96%
Sneak
95%
Archery
94%
Pickpocket
90%
Block
89%
Heavy Armor
89%
Light Armor
88%
Illusion
87%
Lockpicking
87%
Restoration
87%
Alchemy
86%
Alteration
85%
Conjuration
85%
Smithing
85%
Enchanting
82%
Speech
80%
No matching quizzes found
Score Distribution
Percent of People with Each Score
Percentile by Number Answered
Your Score History
You have not taken this quiz